000 00952nam a2200277 i 4500
001 16084
003 ES-MaACL
005 20250827041600.0
007 t|
008 000622s1999 sp bf |||| | spa d
020 _a84-406-9448-2
080 _a929 Pigafetta, Antonio
080 _a910.4(100)"15"
100 1 _aPigafetta, Antonio.
_991989
245 1 3 _aEl primer viaje alrededor del mundo
_b: relato de la expedición de Magallanes y Elcano /
_cAntonio Pigafetta ; edición de Isabel Riquer.
250 _a1ª ed.
260 _aBarcelona :
_bEdiciones B,
_c1999.
300 _a263 p., [8] p. de lám. :
_bmapas ;
_c19 cm.
490 1 _aBiblioteca Grandes viajeros
600 1 4 _aPigafetta, Antonio.
_991989
650 1 4 _aViajes alrededor del mundo-
_vObras anteriores a 1800.
_9147965
700 1 _aRiquer, Isabel de.
_997452
830 0 0 _aBiblioteca grandes viajeros
_9183745
852 _aES-MaACL
_jL-23354
999 _c16084
_d16084